Κατάλογος Βιβλιοθηκών Mediterranean College

Πλήρες εγχειρίδιο της Java 6 / (Record no. 9825)

MARC details
000 -LEADER
fixed length control field 01763nam a22003137a 4500
003 - ΤΑΥΤΟΤΗΤΑ ΤΟΥ ΑΡΙΘΜΟΥ ΕΛΕΓΧΟΥ
Πεδίο ελέγχου GR-AtMCL
005 - ΗΜΕΡΟΜΗΝΙΑ ΚΑΙ ΩΡΑ ΤΕΛΕΥΤΑΙΑΣ ΕΝΗΜΕΡΩΣΗΣ
Πεδίο ελέγχου 20250724125707.0
006 - FIXED-LENGTH DATA ELEMENTS--ADDITIONAL MATERIAL CHARACTERISTICS
Πεδίο ελέγχου σταθερού μήκους a|||||r|||||||||||
008 - FIXED-LENGTH DATA ELEMENTS--GENERAL INFORMATION
Πεδίο ελέγχου σταθερού μήκους 140710s2007||||gr |||e ||| 001 gre #
020 ## - ISBN
ISBN 9789605125387
040 ## - ΠΗΓΗ ΚΑΤΑΛΟΓΟΓΡΑΦΗΣΗΣ
Φορέας πρωτότυπης καταλογογράφησης
Γλώσσα καταλογογράφησης Ελληνικά, Μοντέρνα (1453-)
Modifying agency MC Athens Campus Library
Κανόνες περιγραφικής καταλογογράφησης AACR2
041 1# - ΓΛΩΣΣΑ
Κωδικός γλώσσας πρωτότυπου Αγγλικά
100 ## - MAIN ENTRY--PERSONAL NAME
Personal name Cadenhead, Rogers
9 (RLIN) 9855
245 10 - ΤΙΤΛΟΣ ΚΑΙ ΔΗΛΩΣΗ ΥΠΕΥΘΥΝΟΤΗΤΑΣ
Τίτλος Πλήρες εγχειρίδιο της Java 6 /
Statement of responsibility, etc. Rogers Cadenhead [και] Laura Lemay ; απόδοση Ελένη Γκαγκάτσιου
260 ## - PUBLICATION, DISTRIBUTION, ETC.
Place of publication, distribution, etc. Αθήνα :
Name of publisher, distributor, etc. Γκιούρδας,
Date of publication, distribution, etc. 2007
300 ## - PHYSICAL DESCRIPTION
Extent XX,679,[1]σ. ;
Διαστάσεις 24εκ. +
Συνοδευτικό υλικό 1 σύμπυκνος δίσκος (CD-ROM)
500 ## - GENERAL NOTE
Γενική σημείωση Ευρετήριο: σ. 651-679
500 ## - GENERAL NOTE
Γενική σημείωση Τίτλος πρωτοτύπου: Sams teach yourself Java 6 in 21 days
500 ## - GENERAL NOTE
Γενική σημείωση Παράρτημα: σ. 599-649
500 ## - GENERAL NOTE
Γενική σημείωση Η μετάφραση έγινε από την 5η αμερικανική έκδοση
520 ## - SUMMARY, ETC.
Summary, etc. Σε 21 μαθήματα, μόνο, μπορείτε να αποκτήσετε τις γνώσεις και τις ικανότητες που απαιτούνται για την ανάπτυξη τριών ειδών προγραμμάτων με τη Java: εφαρμογές που εκτελούνται στον υπολογιστή σας, servlets που εκτελούνται σ' έναν web server και εφαρμογές Java Web Start που εκκινούν από το περιβάλλον μιας εφαρμογές browser.
650 ## - SUBJECT ADDED ENTRY--TOPICAL TERM
Topical term or geographic name entry element Java (Γλώσσα προγραμματισμού)
650 #0 - SUBJECT ADDED ENTRY--TOPICAL TERM
Topical term or geographic name entry element Πληροφορική
9 (RLIN) 9850
650 #0 - SUBJECT ADDED ENTRY--TOPICAL TERM
Topical term or geographic name entry element Computing
9 (RLIN) 9851
700 1# - ΠΡΟΣΘΕΤΗ ΑΝΑΓΡΑΦΗ--ΦΥΣΙΚΟ ΠΡΟΣΩΠΟ
Personal name Lemay, Laura
9 (RLIN) 5694
700 ## - ΠΡΟΣΘΕΤΗ ΑΝΑΓΡΑΦΗ--ΦΥΣΙΚΟ ΠΡΟΣΩΠΟ
Personal name Γκαγκάτσιου, Ελένη
9 (RLIN) 9856
942 ## - ADDED ENTRY ELEMENTS (KOHA)
Koha item type Books
Holdings
Τύπος τεκμηρίου Βιβλιοθήκη Τρέχουσα τοποθεσία Αριθμός εισαγωγής Ημερομηνία απόκτησης Ταξιθετικό σύμβολο Αριθμός αντιτύπου Κατάσταση απόσυρσης Κατάσταση χαμένου Κατάσταση κατεστραμμένου Μη δανεισμός Σύνολο δανεισμών Ημερομηνία τελευταίας εμφάνισης Η τιμή ισχύει από
Books MC Athens Campus Library MC Athens Campus Library 8120 24/07/2025 005.133 CAD 1           24/07/2025 24/07/2025

MC Athens Campus Library
Πατησίων 94 & Κοδριγκτώνος 13, 104 34
Πελλήνης 8 & Πατησίων 107, 112 51
Τ: +30 210 8899600

MC Thessaloniki Campus Library
Ίωνος Δραγούμη 21, 54625 | Ίωνος Δραγούμη 15, 54625
Τ: +30 2310 287779 – Τ: +30 2314 440300